000 00752nam a22002537a 4500
001 000722
003 DO-SdBNP
005 20180209101605.0
007 000722
008 161118b 2000 sp a ||||| |||| 00| 0 spa d
020 _a8420458333
040 _aBPMSU
_bspa
_cBPMSU
082 _axxxx
_bxxxx
100 1 _aLindo, Elvira
245 1 0 _aAmigos del alma /
_cElvira Lindo ; ilustraciones de Emilio Urberuaga.
260 _aMadrid, España :
_bAlfaguara : UNICEF,
_c2000.
300 _a31 p. :
_bil. ;
_c28 cm.
490 1 _aDerechos del niño.
_v6
700 1 _aUrberuaga, Emilio,
_eil.
830 0 _aDerechos del niño ;
_v6
942 _2ddc
_cBK
945 _aInventariado, 2018 / BT
956 _2LOPEREZ
_310
_620161118
_8BPMSU
_a00041
999 _c12002
_d12002